| 000 | 01794nam a2200289Ia 4500 | ||
|---|---|---|---|
| 003 | CO-CtgCURN | ||
| 005 | 20250410183001.0 | ||
| 008 | 190725s2003 xx g 000 0 spa d | ||
| 020 | _a9588211034 | ||
| 040 |
_aCO-CtgCURN _bspa _ccoctgcurn |
||
| 082 |
_a658 _bT238p |
||
| 100 |
_aTaylor, Frederick W. _93484 |
||
| 245 | 0 |
_aPrincipios de la administración científica / _cFrederick Winslow Taylor, Henry Fayol; prólogo., Herman Hitz Lender. |
|
| 260 |
_aBogotá, Colombia : _bEdigrama Ltda, _c2003 |
||
| 300 |
_a234 páginas ; _c20 centímetros |
||
| 505 | _aPrincipios de la administración científica: Fundamentos de la Administración científica;Principios de la administración -- Administración industrial y general;Necesidad y posibilidad de una enseñanza de la administración;Definición de la administración;Importancia relativa de las diversas capacidades que constituyen el valor del personal de las empresas;Principios y elementos de la administración;Principios generales de la Administración;Elementos de la administración: 1. Previsión, ". Organización, 3. Dirección, 4. Coordinación, 5. Control. | ||
| 520 | _aLa administración desempeña en el manejo y dirección de los negocios, de todos los negocios, un papel importante. Me propongo exponer aquí mis ideas sobre la manera como debería desempeñar tal papel. | ||
| 521 | _aAREA BASICA | ||
| 590 | _aTodos los programas acádemicos | ||
| 650 |
_aAdministración general _93485 |
||
| 650 |
_aAdministración industrial _93486 |
||
| 700 |
_aFayol, Henri _eautor _93487 |
||
| 700 |
_aHitz Lender, Herman _eprólogo _93488 |
||
| 942 |
_cBK _h658 _iT238p _2ddc _n0 |
||
| 999 |
_c30230 _d30230 |
||